Vedúci pionierov

Podrobná bibliografia
Predchádzajúci názov:Práca pionierov
Ďalší autori: Rampasová, Milada (Šéfredaktor, zodpovedný redaktor), Heroldová, Jozefína, 1923- (Šéfredaktor, zodpovedný redaktor)
Médium: Časopis
Jazyk:slovenčina
Fyzický popis:5 zv. 30 cm
Vydavateľské údaje: Praha ÚV ČSM ÚV ČSM 1955-1959
Bratislava
Predmet:

MARC

LEADER 00000cas a2200000 a 4500
001 vtls010302477
003 SK-MaSNL
005 20260228162847.0
008 110810d19551959xr mr|p 0 b0slo
038 |a SNKBUDS 
040 |a SNK  |b slo  |c SNK  |e AACR2 
041 0 |a slo 
044 |a xr  |c CZ  |a xo  |c SK 
080 |a 316.346.32-053.6  |2 2011 
080 |a 379.83  |2 2011 
080 |a 050  |2 2001 
080 |a (051.053.6)  |2 2011 
080 |a 061-053.6  |2 2011 
245 0 0 |a Vedúci pionierov 
260 |a Praha  |a ÚV ČSM  |c 1955-1959 
260 3 |3 1/1958-12/1959  |a Bratislava  |b ÚV ČSM 
300 |a 5 zv.  |c 30 cm 
310 |a 1x mesačne 
362 0 |a Roč. 7, č. 1 (jan. 1955)-roč. 11, č. 12 (dec. 1959)  |z BA001 - Bg. Balúnová/1995 
500 |a Tlač. Mladá fronta v Prahe, od 1/1959 Závod Mír, Praha 
500 |a Vychádza od januára 1955 ako mutácia českého časopisu Vedoucí pionýrů. Od januára 1960 vychádzal iba jeden celoštátny časopis 
500 |a Nadviazal na časopis: Práca pionierov 
500 |a Šéfred.: Milada Rampasová, J. Znášiková-Heroldová 
525 |a Príloha: Čo má poznať a vedieť pionier (v č. 1/1959) 
650 0 7 |a mládež  |2 SNKPH  |9 1575 
650 0 7 |a pionieri  |2 SNKPH  |9 272128 
650 0 7 |a pionierska organizácia  |2 SNKPH  |9 53180 
655 7 |a časopisy pre mládež  |2 SNKPH  |9 70792 
700 1 |a Rampasová, Milada  |4 pbd  |9 272333 
700 1 |a Heroldová, Jozefína,  |d 1923-  |4 pbd  |9 203075 
770 0 |t Čo má poznať a vedieť pionier 
775 0 |t Vedoucí pionýrů 
780 0 0 |t Práca pionierov 
852 |a SNK  |b 10000  |h snkČSB 1058 
852 |a UKB  |b 300000  |h SB 2273 
852 |a UKB  |b 300000  |h XX B 1318 
852 |a SVKKK  |b 900000  |h C 246 
910 |a snk 
999 |c 8455  |d 10385 
952 |0 0  |1 0  |4 0  |7 0  |a SNK  |b SNK  |d 2012-08-03  |i snkČSP 334/57  |l 0  |o snkČSB 1058/1955 D1  |p 17A1019699  |r 2026-02-21 20:50:14  |t č. 1-12  |w 2026-02-21  |y PREZ 
952 |0 0  |1 0  |4 0  |7 0  |a SNK  |b SNK  |d 2005-01-24  |i snkČSP 1305/60  |l 0  |o snkČSB 1058/11/1959  |p 17A0455000  |r 2026-02-21 21:20:38  |t č. 1-12  |w 2026-02-21  |y PREZ